Szczegóły MARC21

Europa - Ameryka : transatlantycki wymiar reform Unii Europejskiej /

003 -Nazwa inst., której nr kontr. jest w polu 001 [,]
    • @
    • Nazwa instytucji, której n kontrolny jest w polu 001
    • NUKAT
005 -DATA I CZAS OSTATNIEJ MODYFIKACJI [,]
    • @
    • pole kontrolne
    • 20241231093829.0
020 -Międzynarod. znormalizowany nr książki - ISBN [ , ]
    • a
    • Numer ISBN
    • 8388594516 Find
040 -Instytucja sporządzająca opis [ , ]
    • a
    • Instytucja, która sporządziła opis (NP)
    • KR U/16MS
    • c
    • Instytucja, która sporządziła rekord (NP)
    • KR U/16MS
    • d
    • Instytucja, która zmodyfikowała rekord (P)
    • KR U/16ZL
    • d
    • Instytucja, która zmodyfikowała rekord (P)
    • KR U/16ZL
    • d
    • Instytucja, która zmodyfikowała rekord (P)
    • WR O/ZWs
041 -Język dokumentu [1, ]
    • a
    • Język tekstu (P)
    • polski
    • h
    • Język tekstu oryginalnego i/lub pośredniego (P)
    • angielski
942 -Rodzaj dokumentu [ , ]
    • c
    • Rodzaj dokumentu
    • Książka
245 -Strefa tytułu i oznaczenia odpowiedzialności [0,0]
    • a
    • Tytuł
    • Europa - Ameryka : Find
    • b
    • Ciąg dalszy tytułu (NP)
    • transatlantycki wymiar reform Unii Europejskiej / Find
    • c
    • Pozostałe elementy strefy tytułu i oznaczenia odpowiedzialności (NP)
    • pod red. Jacka Kucharczyka ; [tł. Magdalena Rostron] ; Instytut Spraw Publicznych. [Program Europejski].
260 -Strefa adresu wydawniczego [ , ]
    • a
    • Miejsce wydania (P)
    • Warszawa :
    • b
    • Nazwa wydawcy (P)
    • ISP,
    • c
    • Data wydania (P)
    • 2002.
300 -Strefa opisu fizycznego [ , ]
    • a
    • Określenie formy książki i/lub objętość (NP)
    • [2], 80 s. ;
    • c
    • Format (NP)
    • 24 cm.
336 -Typ zawartości [ , ]
    • a
    • Termin opisujący typ zawartości
    • Tekst
    • b
    • Kod określający zawartość
    • txt
    • 2
    • Źródło (terminu i kodu)
    • rdacontent
337 -Typ mediów [ , ]
    • a
    • Tryb odtwarzania
    • Bez urządzenia pośredniczącego
    • b
    • Kod typu mediów
    • n
    • 2
    • Źródło (terminu i kodu)
    • rdamedia
338 -Typ/rodzaj nośnika [ , ]
    • a
    • Hasło opisujące typ nośnika
    • Wolumin
    • b
    • Kod typu nośnika
    • nc
    • 2
    • Źródło (terminu i kodu)
    • rdacarrier
546 -Uwaga dot. języka [ , ]
    • a
    • Uwaga dot. języka
    • Tekst częśc. tł. z ang.
610 -Hasło przedmiotowe w formie nazwy ciała zbiorowego [2,7]
    • a
    • Nazwa ciała zbiorowego lub nazwa geograficzna
    • Unia Europejska
    • z
    • Określnik geograficzny
    • Stany Zjednoczone.
    • 2
    • Źródło terminu
    • kaba
    • 9
    • KHW
    • 361964
610 -Hasło przedmiotowe w formie nazwy ciała zbiorowego [2,7]
    • a
    • Nazwa ciała zbiorowego lub nazwa geograficzna
    • Unia Europejska
    • x
    • Określnik ogólny
    • reorganizacja.
    • 2
    • Źródło terminu
    • kaba
    • 9
    • KHW
    • 352181
610 -Hasło przedmiotowe w formie nazwy ciała zbiorowego [2,7]
    • a
    • Nazwa ciała zbiorowego lub nazwa geograficzna
    • Unia Europejska
    • x
    • Określnik ogólny
    • członkostwo.
    • 2
    • Źródło terminu
    • kaba
    • 9
    • KHW
    • 349382
700 -Hasło dodatkowe - nazwa osobowa [1, ]
    • a
    • Nazwa osobowa (NP)
    • Kucharczyk, Jacek Find
    • d
    • Daty biograficzne (NP)
    • (1962- ).
    • e
    • Określenie rodzaju współpracy
    • Red.
    • 9
    • KHW
    • 14471
700 -Hasło dodatkowe - nazwa osobowa [1, ]
    • a
    • Nazwa osobowa (NP)
    • Rostron, Magdalena. Find
    • e
    • Określenie rodzaju współpracy
    • Tł.
    • 9
    • KHW
    • 665892
920 -ISBN [ , ]
    • a
    • ISBN
    • 83-88594-51-6 Find
Sygnatura Numer inwentarzowy Status udost. Data inwentaryzacji Lokalizacja
 CDE.111112003-10-28BG
Z.101731Z.10173112004-01-30BG
WM.3225WM.3225-32005-02-01BG
WM.3225WM.3226-32005-02-01BG
WM.3225WM.3227-32005-02-01BG
 F.3126412003-12-05BNS
 T.9823-32008-02-18T